Central Library OPAC University of Rajshahi

Book-keeping and accountancy / (Record no. 53930)

MARC details
000 -LEADER
fixed length control field 00627nam a2200229 a 4500
001 - CONTROL NUMBER
control field 53930
003 - CONTROL NUMBER IDENTIFIER
rucl marc code BD-RjUL
005 - DATE AND TIME OF LATEST TRANSACTION
control field 20211209080039.0
008 - FIXED-LENGTH DATA ELEMENTS--GENERAL INFORMATION
fixed length control field 161029s1964 ii 001 0 eng d
035 ## - SYSTEM CONTROL NUMBER
System control number (BD-RjUL)54052
040 ## - CATALOGING SOURCE
Language of cataloging eng
Modifying agency BD-RjUL
Original cataloging agency BD-RjUL
Transcribing agency BD-RjUL
041 ## - LANGUAGE CODE
Language code of text/sound track or separate title eng
082 ## - DEWEY DECIMAL CLASSIFICATION NUMBER
Classification number 657.2
Edition number 23
Author mark and year BAB 1964
100 1# - MAIN ENTRY--PERSONAL NAME
Personal name Banerjee, H.
9 (RLIN) 47801
245 10 - TITLE STATEMENT
Title Book-keeping and accountancy /
Statement of responsibility, etc. H. Banerjee
250 ## - EDITION STATEMENT
Edition statement 14th, ed.
260 ## - PUBLICATION, DISTRIBUTION, ETC. (IMPRINT)
Place of publication, distribution, etc. Calcutta :
Name of publisher, distributor, etc. Banerjee & Co.,
Date of publication, distribution, etc. 1964.
300 ## - PHYSICAL DESCRIPTION
Pagination viii, 1154 p. ;
Size 23 cm.
504 ## - BIBLIOGRAPHY, ETC. NOTE
Bibliography, etc Includes Index.
650 ## - SUBJECT ADDED ENTRY--TOPICAL TERM
Topical term or geographic name as entry element Bookkeeping Accounting.
9 (RLIN) 47802
942 ## - ADDED ENTRY ELEMENTS (KOHA)
Source of classification or shelving scheme Dewey Decimal Classification
Koha item type Books
Holdings
Lost status Source of classification or shelving scheme Damaged status Not for loan Collection code Permanent Location Current Location Shelving location Date acquired Source of acquisition Cost, normal purchase price Total Checkouts Full call number Date last seen Copy number Koha item type
  Dewey Decimal Classification     Non-fiction Central Library, University of Rajshahi Central Library, University of Rajshahi   13/03/1967 Office of the D. R. Rajshahi Court 16.00   657.2 BAB 1964 29/10/2016 C-2 Books
  Dewey Decimal Classification     Non-fiction Central Library, University of Rajshahi Central Library, University of Rajshahi   13/03/1967 D.R. Office Rajshahi 16.00   657.2 BAB 1964 23/03/2019 C-3 Books
  Dewey Decimal Classification     Non-fiction Central Library, University of Rajshahi Central Library, University of Rajshahi   13/03/1967 D.R. Office Rajshahi 16.00   657.2 BAB 1964 23/03/2019 C-4 Books
  Dewey Decimal Classification     Non-fiction Central Library, University of Rajshahi Central Library, University of Rajshahi   13/03/1967 D.R. Office Rajshahi 16.00   657.2 BAB 1964 23/03/2019 C-5 Books